عرض عادي عرض مارك
  • سي دي إس / آيسيس

مدخل عنوان موحد

عدد التسجيلات المستخدمة في: 1

001 - رقم الضبط

  • حقل الضبط: 95581

003 - معرف رقم الضبط

  • حقل الضبط: OSt

005 - تاريخ ووقت أخر عملية

  • حقل الضبط: 20220727150122.0

008 - عناصر بيانات ثابتة الطول

  • حقل تحكم ثابت الطول: 220727|| aca||aabn | a|a d

040 ## - مصدر الفهرسة

  • هيئة الفهرسة الأصلية: OSt
  • وكالة الكتابة: OSt

130 ## - مدخل -- اسم مؤتمر

  • العنوان الموحد: سي دي إس / آيسيس

670 ## - بيانات المصدر موجوده

  • الاستشهاد بالمصدر: Work cat.: (OSt): الزهيري، طلال ناظم مؤلف. 95580, المجموعة المتكاملة لنظم المعلومات ISIS :